| 000 | 00361nam a2200145 a 4500 | ||
|---|---|---|---|
| 005 | 20140414093848.0 | ||
| 008 | 110526s19uu xx 00 eng d | ||
| 050 |
_aCD 510 _bEXT 2009 |
||
| 100 | _aNye, Colin | ||
| 245 |
_aExtended Mathematics / _cColn Nye. |
||
| 260 |
_aUSA : _bHeinemann, _c2009. |
||
| 650 | _aMathematics | ||
| 942 | _cAVM | ||
| 999 |
_c109755 _d109755 |
||